000 00997nam a2200325 a 4500
001 000028778
003 000028778
005 20180509093345.0
008 110412s2010 dr 001 f spa d
020 _a9789945429107
040 _aBPMSU
_bspa
_cBPMSU
041 1 7 _aspa
_beng
049 _a
082 4 _aRD863.5
_bD542b, 2010
100 1 _aDíaz, Junot,
_d1968-
240 1 4 _aThe brief wondrous life of Oscar Wao
245 1 3 _aLa breve y maravillosa vida de Óscar Wao /
_cJunot Díaz, traductor Achy Obejas.
250 _a2ª ed.
260 _aSanto Domingo :
_bGrupo Santillana,
_c2010.
300 _a350 p. :
_c23 cm.
500 _aGlosario: p.346-350.
504 _aIncluye bibliografía y notas al pie de páginas.
650 4 _aNOVELA DOMINICANA
650 4 _aLITERATURA DOMINICANA
700 1 2 _aObejas, Achy,
_etr.
910 _aValidado. Control de calidad EMS
942 _2ddc
_cBK
945 _aInventariado / 2017 VM
956 _aVMATEO
_b10
_c20150626
_lBPMSU
_h0069
999 _c7125
_d7125